[Event "RUS-ch (Women)"]
[Site "Elista"]
[Date "1998.04.20"]
[Round "1.1"]
[White "Matveeva, Svetlana"]
[Black "Stepovaia Dianchenko, Tatiana"]
[Result "1/2-1/2"]
[WhiteElo "2460"]
[BlackElo "2355"]

1.d4 d5 2.c4 c6 3.Nf3 Nf6 4.Nc3 a6 5.Bg5 Ne4 6.Qc1 Nxg5 7.Qxg5 h6 8.Qf4 g5
9.Qg3 Bg7 10.e3 Bf5 11.h4 g4 12.h5 Bf6 13.Ne5 Rg8 14.Be2 e6 15.f3 Bxe5 16.Qxe5 gxf3
17.gxf3 Nd7 18.Qf4 Qg5 19.Qxg5 Rxg5 20.cxd5  1/2-1/2

[Event "RUS-ch (Women)"]
[Site "Elista"]
[Date "1998.04.21"]
[Round "1.4"]
[White "Matveeva, Svetlana"]
[Black "Stepovaia Dianchenko, Tatiana"]
[Result "0-1"]
[WhiteElo "2460"]
[BlackElo "2355"]

1.d4 d5 2.c4 c6 3.Nf3 Nf6 4.Nc3 a6 5.cxd5 cxd5 6.Bf4 Nc6 7.Ne5 e6 8.e3 Nxe5
9.Bxe5 Be7 10.Bd3 O-O 11.O-O b5 12.Qc2 g6 13.Rfc1 Bb7 14.Qe2 Nd7 15.Bf4 Rc8
16.a4 b4 17.Na2 Qb6 18.Rxc8 Rxc8 19.Nc1 Bd6 20.Bxd6 Qxd6 21.Nb3 Qb6 22.a5 Qd6
23.h3 e5 24.dxe5 Nxe5 25.Nd4 Nc6 26.Qg4 h5 27.Qh4 Qe5 28.Nxc6 Rxc6 29.Qxb4 Qc7
30.Qd2 Kg7 31.b4 Rc3 32.b5 axb5 33.Bxb5 Kh7 34.a6 Ba8 35.Bf1 Rc2 36.Qd4 Qd7
37.Rb1 Qf5 38.Rb8 Qxf2+ 39.Kh2 f6  0-1

[Event "Zepter op"]
[Site "Minsk"]
[Date "1998.04.27"]
[Round "3"]
[White "Tunik, Gennady"]
[Black "Volkov, Sergey"]
[Result "0-1"]
[WhiteElo "2470"]
[BlackElo "2545"]

1.d4 d5 2.Nf3 c6 3.c4 Nf6 4.Nc3 a6 5.cxd5 cxd5 6.Bf4 Nc6 7.e3 Bg4 8.Be2 e6
9.O-O Bd6 10.Bxd6 Qxd6 11.Na4 O-O 12.Rc1 Rfe8 13.a3 Re7 14.b4 Bxf3 15.Bxf3 e5
16.dxe5 Nxe5 17.Nc5 a5 18.Rb1 h6 19.Nb3 Nc4 20.a4 Ne4 21.Bxe4 dxe4 22.Nc5 b6
23.Qxd6 Nxd6 24.Nb3 axb4 25.Rfc1 Rxa4 26.Rc6 Nb5 27.Rxb6 Nc3 28.Rb2 Rc7 29.g4 h5
30.Nd4 hxg4 31.R6xb4 Ra1+ 32.Kg2 g6  0-1

[Event "Serbian-ch 29th"]
[Site "Sabac"]
[Date "1998.05.02"]
[Round "13"]
[White "Antic, Dejan"]
[Black "Simic, Radoslav"]
[Result "1-0"]
[WhiteElo "2460"]
[BlackElo "2435"]

1.d4 d5 2.c4 c6 3.Nf3 Nf6 4.Nc3 a6 5.Bg5 Nbd7 6.e3 e6 7.Be2 Be7 8.O-O O-O
9.a3 b5 10.c5 Bb7 11.Qc2 Nh5 12.Bxe7 Qxe7 13.b4 g6 14.a4 f6 15.axb5 axb5
16.Rxa8 Rxa8 17.Qb2 Ng7 18.Ra1 Ne8 19.Rxa8 Bxa8 20.Qa3 Nc7 21.Qa5 Qd8 22.Bxb5 Qc8
23.Be2 Bb7 24.Nd2 e5 25.Nb3 h5 26.Qa7 Qa8 27.Qxa8+ Bxa8 28.Na4 Kf7 29.Nb6  1-0

[Event "Garcia mem Premier"]
[Site "Santa Clara"]
[Date "1998.06.02"]
[Round "8"]
[White "Borges Mateos, Juan"]
[Black "Perez, Rodney"]
[Result "1/2-1/2"]
[WhiteElo "2480"]
[BlackElo "2395"]

1.d4 d5 2.c4 c6 3.Nf3 Nf6 4.Nc3 a6 5.a4 e6 6.e3 Nbd7 7.Bd3 Bd6 8.O-O O-O
9.e4 dxe4 10.Nxe4 Nxe4 11.Bxe4 h6 12.c5 Bc7 13.b4 e5 14.Bc2 Re8 15.Re1 exd4
16.Rxe8+ Qxe8 17.Qd3 Nf6 18.Bb2 Bg4 19.Re1 Qd7 20.Nxd4 Re8 21.Rxe8+ Qxe8  1/2-1/2

[Event "Copenhagen op"]
[Site "Copenhagen"]
[Date "1998.06.26"]
[Round "6"]
[White "Antonsen, Mikkel"]
[Black "Schneider, Stefan"]
[Result "1/2-1/2"]
[WhiteElo "2405"]
[BlackElo "2305"]

1.d4 d5 2.c4 c6 3.Nf3 Nf6 4.Nc3 a6 5.e3 b5 6.b3 Bg4 7.Be2 e6 8.O-O Be7 9.h3 Bh5
10.Bb2 O-O 11.Ne5 Bxe2 12.Nxe2 Nfd7 13.Nf3 dxc4 14.bxc4 Nb6 15.c5 Nc4 16.Bc3 Nd7
17.Ng3 Qc7 18.Re1 Rfd8 19.Qc2 e5 20.a4 exd4 21.exd4 Nf6 22.Nf5  1/2-1/2

[Event "RUS-ch51"]
[Site "St Petersburg"]
[Date "1998.08.02"]
[Round "6"]
[White "Popov, Valerij"]
[Black "Burmakin, Vladimir"]
[Result "1-0"]
[WhiteElo "2520"]
[BlackElo "2560"]

1.d4 d5 2.c4 c6 3.Nf3 Nf6 4.Nc3 a6 5.Ne5 Nbd7 6.Bf4 dxc4 7.Nxc4 b5 8.Ne5 Nxe5
9.Bxe5 Bb7 10.e3 c5 11.dxc5 Nd7 12.Bg3 Nxc5 13.Qxd8+ Rxd8 14.Nxb5 axb5 15.Bxb5+ Nd7
16.O-O e5 17.Rfd1 f6 18.Rac1 Be4 19.f4 exf4 20.exf4 Bf5 21.Rc7 Bb4 22.a3 Ba5
23.Rb7 O-O 24.Bxd7 Rf7 25.Rb5 Rfxd7 26.Rxd7 Bxd7 27.Rxa5 Rc8 28.Rd5 Rc1+
29.Kf2 Bc6 30.Rd2 Kf7 31.Ke3 Ke6 32.Kd4 Kf5 33.Re2 h5 34.Be1 Bb5 35.Re7 Rc4+
36.Kd5 Rc2 37.Rxg7 Rxb2 38.Bh4 Rc2 39.Kd4 Rc6 40.Kd5 Rc2 41.g3 Bc4+ 42.Kd4 Be6
43.Rh7 Kg6 44.Ra7 Rxh2 45.a4 Rc2 46.Ra6 Kf5 47.Ra5+ Kg6 48.Rc5 Ra2 49.a5 Ra4+
50.Kc3 Re4 51.Rc6 Kf5 52.a6 Ra4 53.Kd3 Bd7 54.Rxf6+ Kg4 55.Ke3 Ra3+ 56.Kd4 Bc8
57.Rg6+ Kf3 58.Rc6 Ra4+ 59.Kd5 Ra5+ 60.Kd6 Bxa6 61.f5 Bb5 62.Rc7 Bd3 63.Rc3 Ke3
64.Rxd3+ Kxd3 65.f6 Ra7 66.Ke6 Ra6+ 67.Kf5 Ra8 68.f7  1-0

[Event "RUS-ch51"]
[Site "St Petersburg"]
[Date "1998.08.05"]
[Round "9"]
[White "Epishin, Vladimir"]
[Black "Volkov, Sergey"]
[Result "1-0"]
[WhiteElo "2585"]
[BlackElo "2605"]

1.d4 d5 2.c4 c6 3.Nc3 Nf6 4.Nf3 a6 5.a4 e6 6.e3 Nbd7 7.Bd3 Bb4 8.O-O O-O
9.Qe2 Qe7 10.e4 dxc4 11.Bxc4 e5 12.dxe5 Nxe5 13.Nxe5 Qxe5 14.f4 Qc5+ 15.Be3 Bg4
16.Bxc5 Bxc5+ 17.Qf2 Bxf2+ 18.Rxf2 b5 19.e5 bxc4 20.exf6 Bf5 21.fxg7 Kxg7
22.Re1 Bd3 23.Re5 Rfe8 24.Rg5+ Kf8 25.h3 f5 26.Kh2 Kf7 27.Rh5 Kg6 28.g4 h6
29.Rg2 Re7 30.Rh4 Rb8 31.gxf5+ Kh7 32.f6 Rf7 33.Rhg4 Rxf6 34.Rg7+ Kh8 35.Ra7 Rxf4
36.Rxa6 Bf1 37.Rd2 Rf3 38.Rxc6 Rxh3+ 39.Kg1 Rf8 40.Rf2 Rxf2 41.Kxf2 Bd3 42.a5 Rh2+
43.Ke3 Rxb2 44.Rc8+ Kg7 45.a6 Bf1 46.a7 Bg2 47.Ne4 Rb3+ 48.Kf4 Rf3+ 49.Ke5  1-0

[Event "BCF-ch"]
[Site "Torquay"]
[Date "1998.08.05"]
[Round "9"]
[White "Cooper, Andrew"]
[Black "Hanley, Craig"]
[Result "1-0"]
[WhiteElo "2145"]
[BlackElo "2010"]

1.d4 d5 2.c4 c6 3.Nf3 Nf6 4.Nc3 a6 5.g3 Bf5 6.Bg2 e6 7.O-O Bb4 8.Qb3 Qe7
9.a3 Bxc3 10.bxc3 b5 11.cxb5 axb5 12.a4 Qa7 13.a5 O-O 14.Ba3 Re8 15.Bc5 Qb7
16.Ne5 Nfd7 17.Bd6 Nxe5 18.dxe5 Nd7 19.Rfc1 Qa7 20.Qb4 f6 21.exf6 gxf6 22.e4 dxe4
23.Bxe4 c5 24.Qb1 Bxe4 25.Qxe4 c4 26.Qc6 Qa6 27.Qxd7 Rad8 28.Qc7 Rxd6 29.Rd1 Red8
30.Qxd8+ Rxd8 31.Rxd8+ Kf7 32.Rb8 e5 33.Rb6 Qa8 34.a6 e4 35.a7 e3 36.fxe3 Qf3
37.a8=Q  1-0

[Event "RUS-ch51"]
[Site "St Petersburg"]
[Date "1998.08.06"]
[Round "10"]
[White "Loginov, Valery A"]
[Black "Volkov, Sergey"]
[Result "1-0"]
[WhiteElo "2520"]
[BlackElo "2605"]

1.Nf3 d5 2.d4 Nf6 3.c4 c6 4.Nc3 a6 5.c5 Nbd7 6.Bf4 Nh5 7.Bg5 h6 8.Bd2 Nhf6
9.Bf4 g5 10.Bg3 Bg7 11.e3 Nh5 12.Bd3 Nxg3 13.hxg3 e5 14.Bc2 Qe7 15.b4 a5
16.b5 exd4 17.Nxd4 Nxc5 18.O-O Bd7 19.Rc1 O-O 20.Bb1 f5 21.bxc6 bxc6 22.g4 fxg4
23.Nce2 Rac8 24.Ng3 Ne4 25.Nxc6 Bxc6 26.Rxc6 Rxc6 27.Qxd5+ Re6 28.Nxe4 Kh8
29.Ng3 Be5 30.Nf5 Qf7 31.Qxa5 g3 32.fxg3 g4 33.Bd3 Qd7 34.Bc4 Ree8 35.Bb5 Qd8
36.Qa4 Re6 37.Qxg4 Qg5 38.Qxg5 hxg5 39.g4 Rd8 40.Kf2 Rd2+ 41.Kf3 Rb6 42.Rh1+ Kg8
43.Bc4+ Kf8 44.Rh7 Rc2 45.Rf7+ Ke8 46.Bb3 Rc5 47.Ra7 Kd8 48.Ke4 Bc7 49.Bd5 Kd7
50.Nd4 Kd6 51.Nf5+ Kd7 52.Nd4 Kd6 53.Bb3 Rb8 54.Ra6+ Bb6 55.Ra4 Re5+ 56.Kd3 Rbe8
57.e4 Ra5 58.Rb4 Bc5 59.Rb7 Rd8 60.Ne6 Rd7 61.e5+ Ke7+ 62.Rxd7+ Kxd7 63.Nxg5 Bd6
64.Be6+ Kc6 65.exd6 Kxd6 66.Bf5 Rxa2 67.Ne4+ Ke5 68.g3 Ra3+ 69.Ke2 Rb3 70.Kf2 Rb2+
71.Kf3 Rb3+ 72.Kg2 Rb1 73.Ng5 Rb2+ 74.Kh3 Rb8 75.Nf3+ Kf6 76.Be4 Rh8+ 77.Kg2 Re8
78.g5+ Kg7 79.Bf5 Rb8 80.Kh3 Rb4 81.Nh4 Rb5 82.Kg4 Rb4+ 83.Kh5 Rb3 84.Be4 Rb4
85.Nf5+ Kh8 86.Bf3 Rb3 87.Bg4 Rb6 88.g6 Rf6 89.Kg5 Rb6 90.Bf3 Rb5 91.Kf6 Rb6+
92.Kf7 Rb8 93.g7+ Kh7 94.Ne7  1-0

[Event "MK Cafe Cup-A"]
[Site "Koszalin"]
[Date "1998.08.09"]
[Round "7"]
[White "Sapis, Witalis"]
[Black "Zhukova, Natalia"]
[Result "1-0"]
[WhiteElo "2385"]
[BlackElo "2460"]

1.d4 d5 2.c4 c6 3.Nf3 Nf6 4.Nc3 a6 5.c5 Nbd7 6.Bf4 Nh5 7.Bd2 g6 8.e4 dxe4
9.Nxe4 Bg7 10.Bc4 O-O 11.O-O Ndf6 12.Nc3 Bg4 13.Be3 Nd5 14.Bxd5 cxd5 15.h3 Bxf3
16.Qxf3 e6 17.b4 Qh4 18.Rad1 f5 19.Rfe1 g5 20.g4 Nf4 21.Bxf4 fxg4 22.Bxg5 Qxg5
23.Qxg4 Qxg4+ 24.hxg4 Rf4 25.Rxe6 Rxg4+ 26.Kf1 Bxd4 27.Nxd5 Rf8 28.Rd2 h5
29.f4 Rg1+ 30.Ke2 Bg7 31.Kf3 h4 32.Rg2 Rh1 33.Rg5 Rh3+ 34.Kg4 Rh2 35.a4 Rf7
36.Nf6+  1-0

[Event "Budapest FS08 IM-B"]
[Site "Budapest"]
[Date "1998.08.10"]
[Round "10"]
[White "Vigh, Bela"]
[Black "Nguyen Thi Thanh An"]
[Result "1/2-1/2"]
[WhiteElo "2385"]
[BlackElo "2115"]

1.d4 d5 2.c4 c6 3.Nf3 Nf6 4.Nc3 a6 5.e3 g6 6.Bd3 Bg7 7.O-O O-O 8.a4 c5 9.Re1 cxd4
10.exd4 Nc6 11.cxd5 Nb4 12.Bg5 Nxd3 13.Qxd3 Bf5 14.Qc4 h6 15.Bf4 Re8 16.Qb3 Nh5
17.Be5 f6 18.Bc7 Qc8 19.Rac1 Kh7 20.Bg3 Qd7 21.Re3 Nxg3 22.hxg3 h5 23.Rce1 Rac8
24.Nh4 Bg4 25.f3 g5 26.fxg4 gxh4 27.gxh4 hxg4 28.Rg3 f5 29.Ne2 b5 30.axb5 axb5  1/2-1/2

[Event "Hampstead IM3"]
[Site "Hampstead"]
[Date "1998.08.10"]
[Round "1"]
[White "Mah, Karl"]
[Black "Vegh, Endre"]
[Result "1-0"]
[WhiteElo "2330"]
[BlackElo "2340"]

1.d4 d5 2.c4 c6 3.Nf3 Nf6 4.Nc3 a6 5.e3 b5 6.b3 Bg4 7.Be2 e6 8.O-O Nbd7 9.h3 Bh5
10.Bb2 Qb8 11.cxd5 cxd5 12.Ne5 Bxe2 13.Nxe2 Nxe5 14.dxe5 Nd7 15.Rc1 Bc5 16.Nf4 O-O
17.Qg4 Qb7 18.Rfd1 Rfe8 19.Nxd5 exd5 20.e6 Bf8 21.exf7+ Kxf7 22.Qf4+ Kg8
23.Rc7 Qb8 24.Rxd5 Re4 25.Qxe4 Qxc7 26.Qe6+ Kh8 27.Rxd7 Qc2 28.Qe5 Qg6 29.Qd5 Rc8
30.Bxg7+  1-0

[Event "AZ Sanace Cup"]
[Site "Olomouc"]
[Date "1998.08.12"]
[Round "5"]
[White "Babula, Vlastimil"]
[Black "Betko, Lubomir"]
[Result "1-0"]
[WhiteElo "2575"]
[BlackElo "2300"]

1.d4 Nf6 2.c4 c6 3.Nc3 d5 4.Nf3 a6 5.Bg5 Ne4 6.Bf4 g6 7.e3 Nxc3 8.bxc3 Bg7
9.a4 O-O 10.Qb3 Qa5 11.cxd5 cxd5 12.Be2 Nc6 13.O-O Qd8 14.Nd2 Na5 15.Qb4 Bf5
16.Nb3 Nxb3 17.Qxb3 Qd7 18.a5 Rfe8 19.Ra4 e5 20.Bg3 exd4 21.cxd4 Bf8 22.Ra2 Qc6
23.Rb2 Re7 24.Bf3 Rd7 25.Qa2 Bd3 26.Rd1 Bc4 27.Qa1 Re8 28.Rc1 Qf6 29.Bg4 Rde7
30.Qb1 Bb5 31.Be2 Bxe2 32.Rxe2 Rd7 33.Rb2 Ba3 34.Rb6 Qf5 35.Qxf5 gxf5 36.Rcb1 Rc8
37.Kf1 Rc1+ 38.Rxc1 Bxc1 39.Bd6 f4 40.Ke2 fxe3 41.fxe3 Rd8 42.Bc5 Re8 43.Rb3 f5
44.Rc3 Bb2 45.Rc2 Ba1 46.g3 f4 47.gxf4 Kf7 48.Kf3 Re6 49.Rc1 Bb2 50.Rb1 Bc3
51.Rxb7+ Kg6 52.Bb4  1-0

[Event "FRA-ch"]
[Site "Meribel"]
[Date "1998.08.21"]
[Round "8"]
[White "Hauchard, Arnaud"]
[Black "Prie, Eric"]
[Result "1/2-1/2"]
[WhiteElo "2500"]
[BlackElo "2465"]

1.d4 d5 2.c4 c6 3.Nc3 Nf6 4.Nf3 a6 5.e3 b5 6.b3 Bg4 7.Be2 e6 8.h3 Bh5 9.O-O Nbd7
10.Bb2 Bd6 11.Ne5 Bxe2 12.Nxe2 Qc7 13.cxd5 cxd5 14.Rc1 Qb8 15.Nxd7 Kxd7 16.f3 Qb7
17.Qd3 Ke7 18.Rc2 Rac8 19.Rfc1 Rxc2 20.Qxc2 Kd7 21.g4 h6 22.Kg2 Rc8 23.Qxc8+ Qxc8
24.Rxc8 Kxc8  1/2-1/2

[Event "FRA-ch"]
[Site "Meribel"]
[Date "1998.08.23"]
[Round "10"]
[White "Dorfman, Josif D"]
[Black "Prie, Eric"]
[Result "1/2-1/2"]
[WhiteElo "2585"]
[BlackElo "2465"]

1.d4 d5 2.c4 c6 3.Nf3 Nf6 4.Nc3 a6 5.Qb3 e6 6.Bg5 Be7 7.e3 Nbd7 8.cxd5 exd5
9.h3 O-O 10.Bd3 Ne4 11.Bf4 Ndf6 12.O-O Bd6 13.Bxd6 Nxd6 14.Na4 Qe7 15.Qc2  1/2-1/2

[Event "Herzliya"]
[Site "Herzliya"]
[Date "1998.09.15"]
[Round "10"]
[White "Haimovich, Tal"]
[Black "Zifroni, Dov"]
[Result "0-1"]
[WhiteElo "2280"]
[BlackElo "2505"]

1.d4 d5 2.c4 c6 3.Nf3 Nf6 4.Nc3 a6 5.cxd5 cxd5 6.Bf4 Nc6 7.Rc1 Bf5 8.Ne5 e6
9.e3 Nxe5 10.Bxe5 Nd7 11.Bg3 Be7 12.Be2 O-O 13.O-O Rc8 14.Qa4 Rc6 15.a3 Qb6
16.e4 Bxe4 17.Nxe4 dxe4 18.Rxc6 bxc6 19.b4 Nf6 20.Be5 Nd7 21.Bg3 Qxd4 22.Rd1 Qb2
23.Qxa6 Nf6 24.Bf1 Nd5 25.Qa7 Bg5 26.Re1 f5 27.Bd6 Rd8 28.Bc5 Qd2 29.Re2 Qd1
30.Bd4 Bh6 31.Bb2 Nf4 32.Re3 Ng6 33.Rh3 Qb1 34.Bc3 Rd1 35.Qa6 f4 36.Qc4 Kf7
37.Rh5 Ne7 38.b5 Nd5 39.Bb4 cxb5 40.Qxb5 Nf6 41.Rc5 Qd3 42.Qxd3 exd3 43.Rc3 d2
44.Rd3 f3 45.gxf3 Nd5 46.Ba5 Nf4 47.Rd7+ Ke8 48.Rd6 Nd5 49.Kg2 Ke7 50.Rd8 Ra1
51.Be2 Nf4+  0-1

[Event "Elista ol (Men)"]
[Site "Elista"]
[Date "1998.09.29"]
[Round "1"]
[White "Vaganian, Rafael A"]
[Black "Mohamed, Esam Ahmed Nagib"]
[Result "1-0"]
[WhiteElo "2630"]
[BlackElo "2455"]

1.Nf3 Nf6 2.c4 c6 3.Nc3 d5 4.d4 a6 5.a4 e6 6.Bg5 Be7 7.e3 O-O 8.Bd3 Nbd7
9.O-O h6 10.Bh4 b6 11.Qe2 Bb7 12.Rfd1 Nh5 13.Bxe7 Qxe7 14.a5 dxc4 15.Bxc4 b5
16.Ba2 Nhf6 17.e4 b4 18.Na4 c5 19.e5 Nd5 20.dxc5 Nxc5 21.Bxd5 Bxd5 22.Nb6 Bxf3
23.Qxf3 Rad8 24.g3 Rxd1+ 25.Rxd1 Rd8 26.Nc4 Rxd1+ 27.Qxd1 Qb7 28.Qd8+ Kh7
29.Qd6 Ne4 30.Qd3 Qd5 31.Qxd5 exd5 32.Nb6 d4 33.Kf1 Nc5 34.Ke2 b3 35.f4 Kg8
36.Nc4 Kf8 37.Nd2 Ke7 38.Nf3 Ke6 39.Nxd4+ Kd5 40.Ke3 g6 41.h3 Kc4 42.f5 gxf5
43.Nxf5 Na4 44.Nd6+ Kd5 45.Kd3 f6 46.Nc4 Nc5+ 47.Kc3 fxe5 48.g4 Ne4+ 49.Kxb3 Kd4
50.Kb4 Nf2 51.Nd6 e4 52.Nf5+ Ke5 53.Kc3 Nxh3 54.Nxh6 Nf4 55.Nf5 Nd5+ 56.Kc4 e3
57.Ng3 Nf4 58.Kc3 Nd5+ 59.Kc4 Nf4 60.g5 e2 61.Nxe2 Nxe2 62.g6 Kf6 63.Kc5 Nf4
64.Kb6 Nd3 65.Kxa6 Nxb2 66.Kb5  1-0

[Event "Elista ol (Men)"]
[Site "Elista"]
[Date "1998.10.02"]
[Round "4"]
[White "Forster, Richard"]
[Black "Oblitas, Carlomagno"]
[Result "1/2-1/2"]
[WhiteElo "2475"]
[BlackElo "2420"]

1.d4 d5 2.c4 c6 3.Nf3 Nf6 4.Nc3 a6 5.g3 b5 6.cxd5 cxd5 7.Bf4 e6 8.Rc1 Bb7
9.Bg2 Nc6 10.O-O Rc8 11.Ne5 Be7 12.e4 dxe4 13.Nxe4 Nd5 14.Qh5 g6 15.Qh6 Nxf4
16.Qxf4 O-O 17.Nc5 Bxc5 18.Bxc6 Bxc6 19.Rxc5 Bd5 20.Rxc8 Qxc8 21.Rc1 Qb8
22.Qf6 Qd8 23.Ng4 Qxf6 24.Nxf6+ Kg7 25.Nxd5 exd5 26.Rc6 Re8 27.Rxa6 Re2 28.b3 b4
29.Ra5 Kf6 30.Rxd5 Rxa2 31.Rb5 h5 32.h4 Rd2 33.Rxb4 Kf5 34.Kg2 Ke4 35.Rb7 f6
36.Rb6 Kf5 37.Rb5+ Ke4 38.d5 Rd3 39.Rb6 Ke5 40.d6 Kf5 41.Kf1 g5 42.Ke2 Rd5
43.Ke3 gxh4 44.gxh4 Rd1 45.Rc6 Ke6 46.d7+ Kxd7 47.Rxf6 Rb1 48.Rb6 Rh1 49.Rb4 Ke6
50.Kf3 Kf5 51.Rb5+ Kf6 52.Kg3 Rg1+ 53.Kh2 Rg4 54.Kh3 Rf4 55.Rb8 Ke6 56.Kg3 Rg4+
57.Kh3 Rf4 58.Rb6+ Kf5 59.Rb5+ Kf6 60.Kg3 Rg4+ 61.Kf3 Rxh4 62.Ke3 Rh1 63.Ke4 h4
64.Rb6+ Kg7 65.Rb7+ Kg6 66.Rb6+ Kg7 67.Kf5 h3 68.Rg6+ Kf7 69.Rh6 h2 70.f4 Kg7
71.Rg6+ Kf7 72.Rg2 Rb1 73.Rxh2 Rxb3 74.Rh7+ Kf8 75.Rh6 Kf7 76.Ra6 Rb5+ 77.Kg4 Rc5
78.f5 Rc1 79.Ra7+ Kf6  1/2-1/2

[Event "Elista ol (Men)"]
[Site "Elista"]
[Date "1998.10.09"]
[Round "10"]
[White "Kakageldyev, Amanmurad"]
[Black "Mohamed, Esam Ahmed Nagib"]
[Result "1/2-1/2"]
[WhiteElo "2475"]
[BlackElo "2455"]

1.d4 d5 2.c4 c6 3.Nf3 Nf6 4.Nc3 a6 5.cxd5 cxd5 6.Bg5 e6 7.e3 Be7 8.Bd3 O-O
9.O-O h6 10.Bh4 Nbd7 11.a4 b6 12.Qe2 Bb7 13.Nd2 e5 14.Bf5 exd4 15.exd4 Re8
16.Rfe1 g6 17.Bxd7 Qxd7 18.Qd3 Nh5 19.Bxe7 Rxe7 20.Rxe7 Qxe7 21.Nf3 Re8 22.Qd2 Kg7
23.Re1 Qd8 24.Ne5 Qg5 25.Qxg5 hxg5 26.Kf1 Re7 27.g3 f6 28.Nd3 Kf7 29.a5 Rxe1+
30.Kxe1 bxa5 31.Nc5 Bc6 32.Nxa6 Ng7 33.Kd2 Ne6 34.Ke3 Ke7 35.Nc5 Nd8 36.h3 Kd6
37.f4 gxf4+ 38.Kxf4 Be8 39.h4 Nc6 40.Nb5+ Ke7 41.g4 Bf7 42.g5 Be8 43.Ke3 fxg5
44.hxg5 Nb4 45.Nc3 Nc2+ 46.Kd3 Ne1+ 47.Ke2 Nc2 48.Kd3 Ne1+ 49.Kd2 Nf3+ 50.Ke3 Nxg5
51.Nxd5+ Kd6 52.Nc3 Bc6 53.Nb3 a4 54.Nc5 Nh3 55.N5xa4 g5 56.Nc5 g4 57.N5e4+ Ke6
58.b4 Ng1 59.b5 Bxb5 60.Nc5+ Kd6 61.Nxb5+ Kc6 62.Na7+ Kd5 63.Nd3 Nf3 64.Nf4+ Kd6
65.d5 Kc5 66.Nc8 Ne5 67.Ke4 Nf7 68.Ne6+ Kc4 69.Nc7 g3 70.Kf3 Kc5 71.Kxg3 Nd6
72.Ne7 Ne4+ 73.Kf4 Nf6 74.Ke5  1/2-1/2

[Event "Elista ol (Men)"]
[Site "Elista"]
[Date "1998.10.10"]
[Round "11"]
[White "Ilinsky, Vladimir"]
[Black "Magem Badals, Jorge"]
[Result "0-1"]
[WhiteElo "2335"]
[BlackElo "2540"]

1.Nf3 Nf6 2.c4 c6 3.d4 d5 4.Nc3 a6 5.c5 Bf5 6.g3 Nbd7 7.Bg2 e6 8.O-O Be7
9.Bf4 O-O 10.b4 h6 11.h3 Bh7 12.Qc1 Ne4 13.Nxe4 Bxe4 14.Qc3 Bf6 15.Bd6 Be7
16.Bxe7 Qxe7 17.Rfe1 Rfe8 18.Bf1 Bxf3 19.exf3 g5 20.Re3 Qf6 21.Rae1 Re7 22.f4 gxf4
23.Rf3 e5 24.dxe5 Rxe5 25.Rxf4 Qe6 26.Rxe5 Nxe5 27.Be2 Ng6 28.Rg4 Qxe2 29.Qf6 Qd3
30.Kh2 Re8 31.h4 Re6 32.Qd8+ Kg7 33.Kg2 Qf5 34.Rd4 Re2  0-1

[Event "Szeged TT10 IM"]
[Site "Szeged"]
[Date "1998.10.21"]
[Round "7"]
[White "Dovzik, Juri"]
[Black "Tatar Kis, Szabolcs"]
[Result "1/2-1/2"]
[WhiteElo "2390"]
[BlackElo "2410"]

1.d4 d5 2.c4 c6 3.Nf3 Nf6 4.Nc3 a6 5.cxd5 cxd5 6.Bf4 Nc6 7.e3 Bg4 8.Be2 e6
9.O-O Bd6 10.Bxd6 Qxd6 11.Rc1 O-O 12.h3 Bxf3 13.Bxf3  1/2-1/2

[Event "Trier"]
[Site "Trier"]
[Date "1998.10.25"]
[Round "7"]
[White "Krizsany, Laszlo"]
[Black "Koutsin, Sergey"]
[Result "1/2-1/2"]
[WhiteElo "2405"]
[BlackElo "2415"]

1.d4 d5 2.c4 c6 3.Nf3 Nf6 4.Nc3 a6 5.c5 Bf5 6.Bf4 Nbd7 7.e3 e6 8.h3 Be7 9.Be2 O-O
10.O-O b5 11.a4 b4 12.Na2 a5 13.Nc1 Re8 14.Nb3 Qc8 15.Bd3 Bd8 16.Ne5  1/2-1/2

[Event "Chigorin mem"]
[Site "St. Petersburg"]
[Date "1998.11.06"]
[Round "6"]
[White "Popov, Valerij"]
[Black "Burmakin, Vladimir"]
[Result "1/2-1/2"]
[WhiteElo "2520"]
[BlackElo "2560"]

1.d4 d5 2.c4 c6 3.Nf3 Nf6 4.Nc3 a6 5.a4 e6 6.Bg5 Bb4 7.Qb3 Qa5 8.Bd2 c5 9.cxd5 cxd4
10.Nxd4 exd5 11.e3 Nc6 12.Bd3 Nxd4 13.exd4 O-O 14.O-O Be6 15.Bg5 Ne4 16.Bxe4 dxe4
17.d5 Bf5 18.Rfd1 Bd6 19.Rac1 Rfc8 20.Re1 Qb4 21.Qxb4 Bxb4 22.Red1 f6 23.Be3 Rc4
24.Na2 Rxc1 25.Rxc1 Bd6 26.a5 Rd8 27.Bb6 Rd7 28.h3 h5 29.Rc8+ Kf7 30.Nc3 Be5
31.Rh8 Kg6 32.Rd8 Rxd8 33.Bxd8 Kf7 34.Bb6 Ke7 35.Bc5+ Bd6 36.b4 Kd7 37.Na4 Bc7
38.Bf8 Bd6 39.Nb6+ Kc7 40.Na8+ Kd7 41.Nb6+  1/2-1/2

[Event "SWE-chT 9899"]
[Site "Sweden"]
[Date "1998.11.07"]
[Round "4"]
[White "Malmstig, Erik"]
[Black "Olausson, Claes Goran"]
[Result "1/2-1/2"]
[WhiteElo "2305"]
[BlackElo "2255"]

1.d4 d5 2.c4 c6 3.Nf3 Nf6 4.Nc3 a6 5.c5 Bf5 6.g3 Nbd7 7.Bg2 e6 8.O-O h6 9.Bf4 Be7
10.Rc1 O-O 11.b4 Ne4 12.Nd2 Nxc3 13.Rxc3 Bf6 14.e4 dxe4 15.Nxe4 Bxe4 16.Bxe4 Bg5
17.Bxg5 Qxg5 18.a4 Qe7 19.Qe2 Nf6 20.Bg2 Rfd8 21.Rd1 Nd5 22.Rb3 Qc7 23.b5 axb5
24.axb5 Qa5 25.Qb2 Qa4 26.Rb1 Qa2 27.Bf3 Qxb2 28.R1xb2 Ra4 29.bxc6 bxc6 30.Rb8 Rxb8
31.Rxb8+ Kh7 32.Rc8 Rxd4 33.Rxc6 Kg6 34.Rd6 Kf5 35.Rd7 Kf6 36.c6 Rc4 37.Bxd5 exd5
38.Rxd5 Rxc6  1/2-1/2

[Event "Chigorin mem"]
[Site "St. Petersburg"]
[Date "1998.11.08"]
[Round "8"]
[White "Tunik, Gennady"]
[Black "Burmakin, Vladimir"]
[Result "1/2-1/2"]
[WhiteElo "2480"]
[BlackElo "2560"]

1.d4 d5 2.c4 c6 3.Nf3 Nf6 4.Nc3 a6 5.Ne5 Nbd7 6.Nxd7 Bxd7 7.Qb3 Bc8 8.Bg5 dxc4
9.Qxc4 Be6 10.Qd3 Nd5 11.Qd2 h6 12.Bh4 Nb4 13.e3 c5 14.a3 cxd4 15.exd4 Qa5
16.Be2 Rd8 17.O-O Nc6 18.b4 Qf5 19.d5 Bxd5 20.Qe3 g5 21.Bg3 Bg7 22.Rad1 Be6
23.Rxd8+ Nxd8 24.Ne4 O-O 25.Nc5 Qf6 26.Rd1 Bc8 27.h3 Re8 28.Bf3 Nc6 29.Nd7 Qc3
30.Qxc3 Bxc3 31.Rd3 Bg7 32.Nc5 e5 33.Bd5 Nd8 34.f3 Kh8 35.Ne4 Bf5 36.Rc3 Be6
37.Nd6 Re7 38.Bxe6 Rxe6 39.Nf5 Nc6 40.Rd3 Nd4 41.Nxg7 Kxg7 42.Bxe5+ Rxe5
43.Rxd4 Re1+ 44.Kf2 Ra1 45.Rd3 Ra2+ 46.Kg3 b5 47.Rc3 f6 48.h4 Kg6 49.hxg5 hxg5
50.Kh3 Kf5 51.Rc5+ Kf4 52.Rc6 g4+ 53.fxg4 Rxa3+ 54.Kh4 Ke5 55.g3 Ra4 56.Kh5 Ra3
57.Kh4 Ra4 58.Kh5 Rxb4 59.Rxa6 Rb3  1/2-1/2

[Event "Chigorin mem"]
[Site "St. Petersburg"]
[Date "1998.11.09"]
[Round "9"]
[White "Vakin, Sergei"]
[Black "Driamin, Dmitrij"]
[Result "1/2-1/2"]
[WhiteElo "2360"]
[BlackElo "2295"]

1.d4 Nf6 2.c4 c6 3.Nf3 d5 4.Nc3 a6 5.cxd5 cxd5 6.Bf4 Nc6 7.e3 Bg4 8.Be2 e6
9.O-O Bd6 10.Bg5 h6 11.Bh4 O-O 12.Rc1 Rc8 13.Na4 g5 14.Bg3 Ne4 15.Bxd6 Qxd6
16.Nc5 Nxc5 17.Rxc5 b6 18.Rc3 a5 19.Qb3 Bxf3 20.gxf3 Ne7 21.Rfc1 Rxc3 22.Rxc3 Rc8
23.Rxc8+  1/2-1/2

[Event "SLO-chT"]
[Site "Bled"]
[Date "1998.11.12"]
[Round "6"]
[White "Soln, Primoz"]
[Black "Petek, Pavel"]
[Result "1-0"]
[WhiteElo "2470"]
[BlackElo "2155"]

1.d4 Nf6 2.Nf3 d5 3.c4 c6 4.Nc3 a6 5.Bg5 dxc4 6.a4 h6 7.Bh4 Qa5 8.Ne5 Be6
9.e3 Qb4 10.Qd2 Nbd7 11.f4 Nxe5 12.fxe5 Nd5 13.a5 Nxc3 14.bxc3 Qb5 15.e4 O-O-O
16.Be2 f5 17.exf6 exf6 18.O-O Qe5 19.Bg3 Qxe4 20.Bf3 Qd3 21.Qb2 Qe3+ 22.Kh1 Qg5
23.Qb6  1-0

[Event "Tanta op"]
[Site "Tanta"]
[Date "1998.11.17"]
[Round "2"]
[White "Sorial, Hanna"]
[Black "Ahmed, Ehab"]
[Result "1-0"]
[WhiteElo "2245"]
[BlackElo "2260"]

1.d4 d5 2.c4 c6 3.Nc3 Nf6 4.Nf3 a6 5.c5 b6 6.cxb6 Nbd7 7.e3 e6 8.Bd3 c5 9.O-O cxd4
10.exd4 Bd6 11.Bg5 Qxb6 12.Rb1 h6 13.Bh4 g5 14.Bg3 Bxg3 15.hxg3 g4 16.Ne5 h5
17.Bc2 Nxe5 18.dxe5 Nd7 19.Re1 Bb7 20.Ba4 Bc6 21.Bxc6 Qxc6 22.Rc1 Qb7 23.Qd2 Nb6
24.b3 Qe7 25.Qd4 Nd7 26.Nxd5 exd5 27.e6 O-O 28.exd7 Qxd7 29.Re5 Rad8 30.Rg5+  1-0

[Event "Owens Corning"]
[Site "Wrexham"]
[Date "1998.11.21"]
[Round "4"]
[White "Ward, Christopher"]
[Black "Pedersen, Steffen"]
[Result "1/2-1/2"]
[WhiteElo "2505"]
[BlackElo "2415"]

1.d4 d5 2.c4 c6 3.Nf3 Nf6 4.Nc3 a6 5.cxd5 cxd5 6.Ne5 Nc6 7.Bf4 Qb6 8.Nxc6 bxc6
9.Qd2 Bf5 10.f3 e6 11.e3 Be7 12.g4 Bg6 13.Rc1 Nd7 14.h4 f6 15.h5 Bf7 16.Bg3 e5
17.Na4 Qb7 18.Bd3 Bb4 19.Nc3 c5 20.Bf5 cxd4 21.exd4 O-O 22.Kf1 exd4 23.Qxd4 Ne5
24.Bxe5 fxe5 25.Qxe5 Rae8 26.Qd4 Bxc3 27.bxc3 Be6 28.h6 Bxf5 29.hxg7 Qxg7
30.Qxg7+ Kxg7 31.gxf5 Rxf5 32.Kf2  1/2-1/2

[Event "Owens Corning"]
[Site "Wrexham"]
[Date "1998.11.26"]
[Round "9"]
[White "Kinsman, Andrew PH"]
[Black "Pedersen, Steffen"]
[Result "1/2-1/2"]
[WhiteElo "2385"]
[BlackElo "2415"]

1.d4 d5 2.Nf3 Nf6 3.c4 c6 4.Nc3 a6 5.g3 dxc4 6.Bg2 b5 7.a4 Bb7 8.Ne5 e6 9.O-O Qb6
10.e4 Bb4 11.Bg5 Nbd7 12.Nxd7 Nxd7 13.e5 Bxc3  1/2-1/2

[Event "NRW-Liga I 9899"]
[Site "GER"]
[Date "1998.12.03"]
[Round "3"]
[White "Wengenroth, Walter"]
[Black "Eng, Holger"]
[Result "1-0"]
[WhiteElo "2180"]
[BlackElo "2335"]

1.Nf3 d5 2.d4 c6 3.c4 Nf6 4.Nc3 a6 5.e3 Bg4 6.h3 Bxf3 7.Qxf3 Nbd7 8.cxd5 cxd5
9.Nxd5 e5 10.Bd2 exd4 11.exd4 Nxd5 12.Qxd5 Qb6 13.Bc4 Bb4 14.Rd1 O-O 15.Qxd7 Rad8
16.Qa4 Rxd4 17.Bxb4 Rxc4 18.a3 Qe6+ 19.Kf1 Re8 20.Kg1 Qe2 21.Qd7 Rc2 22.Qd4 Re4
23.Qd8+ Re8 24.Qd4 Re4 25.Qd8+ Re8 26.Rd2 Qe5 27.Qxe8+ Qxe8 28.Rxc2 h5 29.Kh2 Qe5+
30.g3 h4 31.Re1 hxg3+ 32.fxg3 Qd5 33.Rce2 Kh7 34.Re5 Qf3 35.R1e2 f5 36.R5e3 Qf1
37.Bd6 g5 38.Re7+ Kg8 39.Re8+ Kf7 40.R8e7+ Kg8 41.Rc2  1-0